Introduction to random signals and applied kalman filtering with matlab excercises and solution (Record no. 577908)
[ view plain ]
| 000 -LEADER | |
|---|---|
| fixed length control field | 00599nam a22001817a 4500 |
| 003 - CONTROL NUMBER IDENTIFIER | |
| control field | CEME |
| 005 - DATE AND TIME OF LATEST TRANSACTION | |
| control field | 20210628204625.0 |
| 008 - FIXED-LENGTH DATA ELEMENTS--GENERAL INFORMATION | |
| fixed length control field | 210120b xxu||||| |||| 00| 0 eng d |
| 020 ## - INTERNATIONAL STANDARD BOOK NUMBER | |
| International Standard Book Number | 0-471-12839-2 |
| 040 ## - CATALOGING SOURCE | |
| Transcribing agency | . |
| 082 ## - DEWEY DECIMAL CLASSIFICATION NUMBER | |
| Classification number | 621.3822 BRO'I |
| 100 ## - MAIN ENTRY--PERSONAL NAME | |
| Personal name | Hwang, P. Y. C Brown, R. G |
| 9 (RLIN) | 71333 |
| 245 ## - TITLE STATEMENT | |
| Title | Introduction to random signals and applied kalman filtering with matlab excercises and solution |
| 260 ## - PUBLICATION, DISTRIBUTION, ETC. | |
| Place of publication, distribution, etc. | NEWYORK |
| Name of publisher, distributor, etc. | JOHN WILEY |
| Date of publication, distribution, etc. | 1997 |
| 300 ## - PHYSICAL DESCRIPTION | |
| Extent | 484P |
| 650 ## - SUBJECT ADDED ENTRY--TOPICAL TERM | |
| Topical term or geographic name entry element | MATLAB KALMAN FILTERING DATA PROCESING RANDOM NOISE THORY SIGNAL PROCESSING DATA PROCESSING |
| 9 (RLIN) | 71334 |
| 942 ## - ADDED ENTRY ELEMENTS (KOHA) | |
| Koha item type | Book |
| Source of classification or shelving scheme | |
| Withdrawn status | Lost status | Damaged status | Not for loan | Permanent Location | Current Location | Shelving location | Date acquired | Total Checkouts | Full call number | Barcode | Date last seen | Price effective from | Koha item type |
|---|---|---|---|---|---|---|---|---|---|---|---|---|---|
| College of Electrical & Mechanical Engineering (CEME) | College of Electrical & Mechanical Engineering (CEME) | General Stacks | 04/18/2017 | 621.3822 BRO'I | CEME-30122 | 06/28/2021 | 06/28/2021 | Book | |||||
| College of Electrical & Mechanical Engineering (CEME) | College of Electrical & Mechanical Engineering (CEME) | General Stacks | 07/28/2017 | 621.3822 BRO'I | CEME-45212 | 06/28/2021 | 06/28/2021 | Book | |||||
| College of Electrical & Mechanical Engineering (CEME) | College of Electrical & Mechanical Engineering (CEME) | General Stacks | 07/28/2017 | 621.3822 BRO'I | CEME-45213 | 06/28/2021 | 06/28/2021 | Book |
